000 00690nam a2200229Ia 4500
005 20260429112157.0
008 260429s9999||||xx |||||||||||||| ||und||
020 _a9781032404424
041 _aEnglish
082 _a332.4
_bNIC
100 _aNicolini, Gianni
245 0 _aCryptocurrency phenomenon :
_bthe origins, evolution and economics of digital currencies /
_cGianni Nicolini
250 _a1st ed.
260 _aLondon :
_bRoutledge,
_c2024.
300 _aix, 107 p.; hb
440 _aRoutledge international studies in money and banking
650 _a Digital currencies
650 _a Economics
650 _aCryptocurrency
700 _a Intini, Silvia
942 _cTB
999 _c52745
_d52745